Statistics for NPB歴代最多安打タイトル獲得者

Click here to take the quiz!

General Stats

  • This quiz has been taken 140 times
  • The average score is 44 of 63

Answer Stats

年度選手名球団安打数% Correct
2019秋山翔吾埼玉西武ライオンズ179
89%
2018秋山翔吾埼玉西武ライオンズ195
89%
2017秋山翔吾埼玉西武ライオンズ185
89%
2015秋山翔吾埼玉西武ライオンズ216
89%
1994イチローオリックス・ブルーウェーブ210
89%
1998イチローオリックス・ブルーウェーブ181
89%
1995イチローオリックス・ブルーウェーブ179
89%
1996イチローオリックス・ブルーウェーブ193
89%
1997イチローオリックス・ブルーウェーブ185
89%
2019大島洋平中日ドラゴンズ174
88%
2020大島洋平中日ドラゴンズ146
88%
2014山田哲人東京ヤクルトスワローズ193
84%
2012坂本勇人読売ジャイアンツ173
84%
2021近本光司阪神タイガース178
82%
2008内川聖一横浜ベイスターズ189
82%
2012内川聖一福岡ソフトバンクホークス157
82%
2006青木宣親東京ヤクルトスワローズ192
81%
2005青木宣親ヤクルトスワローズ202
81%
2020柳田悠岐福岡ソフトバンクホークス146
80%
2004嶋重宣広島東洋カープ189
78%
2010マートン阪神タイガース214
77%
2011マートン阪神タイガース180
77%
2013マートン阪神タイガース178
77%
2017丸佳浩広島東洋カープ171
76%
2022佐野恵太横浜DeNAベイスターズ161
76%
2016菊池涼介広島東洋カープ181
75%
2014中村晃福岡ソフトバンクホークス176
74%
2022岡林勇希中日ドラゴンズ161
74%
2022島内宏明東北楽天ゴールデンイーグルス161
73%
2010西岡剛千葉ロッテマリーンズ206
72%
2018ビシエド中日ドラゴンズ178
70%
2021荻野貴司千葉ロッテマリーンズ169
70%
2015川端慎吾東京ヤクルトスワローズ195
70%
2004川崎宗則福岡ダイエーホークス171
70%
2004松中信彦福岡ダイエーホークス171
70%
2009中島裕之埼玉西武ライオンズ173
69%
2012長野久義読売ジャイアンツ173
69%
2016角中勝也千葉ロッテマリーンズ178
69%
1999ローズ横浜ベイスターズ192
66%
2000ローズ横浜ベイスターズ168
66%
2003ラミレスヤクルトスワローズ189
66%
2007ラミレス東京ヤクルトスワローズ204
66%
2009ラミレス読売ジャイアンツ186
66%
2013長谷川勇也福岡ソフトバンクホークス198
63%
2001小笠原道大日本ハムファイターズ195
62%
2008栗山巧埼玉西武ライオンズ167
62%
2000小笠原道大日本ハムファイターズ182
62%
2002松井稼頭央西武ライオンズ193
61%
1999松井稼頭央西武ライオンズ178
61%
1998石井琢朗横浜ベイスターズ174
60%
2001石井琢朗横浜ベイスターズ171
60%
2008片岡易之埼玉西武ライオンズ167
58%
2007稲葉篤紀北海道日本ハムファイターズ176
55%
1997ロペス広島東洋カープ170
54%
2017ロペス横浜DeNAベイスターズ171
54%
2002清水隆行読売ジャイアンツ191
52%
1995野村謙二郎広島東洋カープ173
51%
1994野村謙二郎広島東洋カープ169
51%
2011坂口智隆オリックス・バファローズ175
49%
2003谷佳知オリックス・ブルーウェーブ189
46%
2005和田一浩西武ライオンズ153
43%
2006大村直之福岡ソフトバンクホークス165
29%
1996パウエル中日ドラゴンズ176
26%

Score Distribution

Percentile by Number Answered

Percent of People with Each Score

Your Score History

You have not taken this quiz